000 00802cab a2200229 4500
001 X91140
008 090401t1998 xxu||||| |||| 00| 0 eng d
035 _a(Sirsi) u85606
041 _aeng
245 _aSecured Residential Funding v Nationwide
260 _c1998
350 _a0
490 _aNew Property Cases
_v(1998) NPC 58, (3)
520 _aQBD 2 April 1998. Loan made by undisclosed agent of the company which commissioned a valuation report. The valuation was defective. The undisclosed agent can sue on the valuation report. HEADNOTE.
650 _aMORTGAGES
650 _aNEGLIGENCE
650 _aSECURED RESIDENTIAL FUNDING PLC V NATIONWIDE BUILDING SOCIETY
650 _aVALUATION REPORT
690 _aPROPERTY LAW AND PRACTICE-CASE LAW
942 _n0
948 _c16/04/1998
999 _c53831
_d53831